| 000 | 01617nam0a2200349 4500 | ||
|---|---|---|---|
| 001 | RU\NLR\bibl\1454919 | ||
| 005 | 20260408062806.0 | ||
| 010 |
_a978-5-91702-011-2 _bв пер. _9100 |
||
| 021 |
_aRU _b2009-88825 _95593 |
||
| 035 | _a(nilc)RSL-KNO-004407361 | ||
| 035 | _a(NLR Aleph) 001446727 | ||
| 090 |
_a1497318 _c1497318 |
||
| 100 | _a20091105d2009 |||y0rusy50 ca | ||
| 101 | 0 | _arus | |
| 102 | _aRU | ||
| 105 | _ay zzzz||||| | ||
| 200 | 1 |
_aСоциально-медицинская работа _eучебное пособие _fМ-во здравоохранения и социального развития РФ, Северный гос. мед. ун-т _g[А. М. Вязьмин и др.] |
|
| 210 |
_aАрхангельск _cСеверный государственный медицинский университет _d2009 |
||
| 215 |
_a403 с. _cтабл. _d21 |
||
| 606 | 1 |
_aСоциальная работа в здравоохранении _jУчебные издания для высших учебных заведений _92527625 _3RU\NLR\auth\661497370 |
|
| 686 |
_aР11(2)297,07 _2rubbk |
||
| 686 | _aР11(2)я73 | ||
| 686 | _aС550.473я73 | ||
| 686 | _aС550.54я73 | ||
| 702 | 1 |
_aВязьмин _bА. М. _gАлександр Михайлович _4220 |
|
| 712 | 0 | 2 |
_4570 _aСеверный государственный медицинский университет _cАрхангельск _9562229 _3RU\NLR\AUTH\8810031813 |
| 801 | 0 |
_aRU _bРКП _c20091105 _grcr |
|
| 801 | 1 |
_aRU _bРГБ _c20091105 |
|
| 801 | 2 |
_aRU _bNLR _c20091218 _grcr |
|
| 942 | _cBOOK | ||
| 980 | _aNB | ||
| 980 | _aNBR | ||